|
|
|
|
| LEADER |
01052nam a2200325 4500 |
| 001 |
DLU090067583 |
| 005 |
##20090420 |
| 040 |
# |
# |
|a DLU
|b eng
|
| 041 |
# |
# |
|a eng
|
| 044 |
# |
# |
|a UK
|
| 100 |
# |
# |
|a Symmons, Orsolya.
|
| 245 |
# |
# |
|a How segmental duplications shape our genome : recent evolution of ABCC6 and PKD1 mendelian disease genes /
|c Orsolya Symmons, Andras Varadi, Tamas Aranyi.
|
| 653 |
# |
# |
|a Copy number variation
|
| 653 |
# |
# |
|a Mendelian disease genes
|
| 653 |
# |
# |
|a Morpheus
|
| 653 |
# |
# |
|a Nonallelic homologous recombination
|
| 653 |
# |
# |
|a Primate evolution
|
| 653 |
# |
# |
|a Segmental duplication
|
| 700 |
# |
# |
|a Aranyi, Tamas.
|
| 700 |
# |
# |
|a Varadi, Andras.
|
| 773 |
# |
# |
|t Molecular Biology and Evolution
|g Vol. 25, no. 12 (December 2008), p. 2601-2613
|
| 920 |
# |
# |
|a Phòng Tạp chí -- Trung tâm Thông tin - Thư viện Trường Đại học Đà Lạt
|
| 994 |
# |
# |
|a DLU
|
| 900 |
# |
# |
|a True
|
| 911 |
# |
# |
|a Trương Bảo Trâm Anh
|
| 925 |
# |
# |
|a G
|
| 926 |
# |
# |
|a A
|
| 927 |
# |
# |
|a BB
|
| 980 |
# |
# |
|a Thư viện Trường Đại học Đà Lạt
|